Multilateral Indices in Official Price Statistics and a New Additive Splicing Method

Nahradenie tradičných zdrojov údajov umožňuje národným štatistickým úradom zhromažďovať veľké vzorky položiek produktov s príslušnými cenami zaznamenanými za častejšie časové obdobia. Pri niektorých kategóriách produktov si častá výmena položiek produktov vyžaduje dynamický prístup na definovanie vz...

Descripción completa

Guardado en:
Detalles Bibliográficos
Autor principal: Knížat, Peter, 1980-
Otros Autores: Glaser-Opitzová, Helena, 1964-, Furková, Andrea, 1975-, Vojtková, Mária, 1966-
Formato: Capítulo de libro
Lenguaje:inglés
Materias:
Etiquetas: Agregar Etiqueta
Sin Etiquetas, Sea el primero en etiquetar este registro!

MARC

LEADER 00000naa$a2200000$$$4500
001 0301263
005 20250520125103.4
041 0 |a eng 
044 |a NL 
245 1 0 |a Multilateral Indices in Official Price Statistics and a New Additive Splicing Method  |c Peter Knížat, Helena Glaser-Opitzová, Andrea Furková, Mária Vojtková 
520 |a Nahradenie tradičných zdrojov údajov umožňuje národným štatistickým úradom zhromažďovať veľké vzorky položiek produktov s príslušnými cenami zaznamenanými za častejšie časové obdobia. Pri niektorých kategóriách produktov si častá výmena položiek produktov vyžaduje dynamický prístup na definovanie vzorky produktov, ktorý možno dosiahnuť mesačnou aktualizáciou vzorky. Pri medzimesačnom porovnaní cenových zmien musia byť bilaterálne indexy zreťazené, čo môže viesť k skresleniu reťazového driftu. Multilaterálne metódy sú navrhnuté tak, aby znížili drift reťaze, aj keď ho úplne neodstránili. Nevýhodou multilaterálnych metód je ich nejednoznačná interpretovateľnosť a problém s revíziou. 
610 2 0 |a index cien spotrebiteľských 
610 2 0 |a cenníky 
610 2 0 |a tovar 
610 2 0 |a štatistika 
610 2 0 |a trh domáci 
100 1 |a Knížat, Peter, 1980- 
700 1 |a Glaser-Opitzová, Helena, 1964- 
700 1 |a Furková, Andrea, 1975- 
700 1 |a Vojtková, Mária, 1966-